000 00637cam a2200229 a 4500
001 1982488
005 20180308044201.0
008 890810s1990 nyu 000 0aeng
010 _a 89043239
020 _a0394581911 :
_c$19.95
040 _aDLC
_cDLC
_dDLC
041 _aeng
043 _an-us-ny
080 _a345.747
082 0 0 _a345.747 HEI
_a347.471051
_220
100 1 _a14
101 _aSHJ
245 1 0 _aRough justice :
_cDavid Heilbroner.
906 _a7
_bcbc
_corignew
_d1
_eocip
_f19
_gy-gencatlg
942 _2ddc
_cBK
999 _c44419
_d44419